000 00361nam a22001457a 4500
003 OSt
005 20220127091826.0
008 220127b |||||||| |||| 00| 0 eng d
020 _a8121926602
040 _cHU
082 _a621.3
_b1
100 _aTheraja B.L.
_928790
245 _aFundementals Of Electrical Engineering And Electronics
942 _2ddc
_cBOOKS
_n0
999 _c28059
_d28059